| 000 | 00529nam a2200193Ia 4500 | ||
|---|---|---|---|
| 003 | OSt | ||
| 005 | 20220831102737.0 | ||
| 008 | 220831b |||||||| |||| 00| 0 eng d | ||
| 020 | _a0566006928 | ||
| 040 | _cIFM Library | ||
| 082 | _a368.012 | ||
| 100 |
_aAyling, David E _98931 |
||
| 245 | _aUnderwriting Decisions under Uncertainty | ||
| 260 |
_aEngland: _bGower publishing, _c1984 |
||
| 300 |
_axx, 240p.: _bill.; 23cm. |
||
| 500 | _aIncludes Bibliographical References | ||
| 650 |
_aReinsurance _98932 |
||
| 942 |
_cBK _2ddc _n0 |
||
| 999 |
_c7566 _d7566 |
||